000 01581cam a22003974i 4500
003 PE-LiUPU
005 20250731173244.0
008 150625s r 000 0 d
035 _a(Sirsi) a35383
040 _aPE-LiUPU
_bspa
_cPE-LiUPU
_erda
082 0 4 _a238.2
_bP618c
_223
100 1 _aPierini, Franco,
_eautor.
245 1 0 _aCatecismo del Concilio Vaticano IIo. /
_cpor Franco Pierini y colaboradores
250 _aSegunda edición.
264 _aBogotá :
_bEdiciones paulinas,
_c1966.
300 _a401 páginas :
_c16.5 centímetros.
336 _atext
_2rdacontent
337 _aunmediated
_2rdamedia
338 _avolume
_2rdacarrier
505 _aDocumentos contenidos en el catecismo y explicación de las siglas y abreviaturas -- Dios nuestra salvación -- Los medios de la salvación -- La consumación de la salvación -- La ley de la salvación -- La reforma del santo oficio y nuevas normas para la censura de los libros -- Disposiciones sobre los matrimonios mixtos -- Índice cronológico de los principales hechos relacionados con el concilio y de los documentos conciliares -- índice sistemático -- índice de los trozos escogidos de los documentos y utilizados en el catecismo.
526 _aSEG42
526 _aSEG41
526 _aSEG40
526 _aSEG39
526 _aP94
526 _aP87
526 _aP86
526 _aP85
526 _aP77
526 _aP76
526 _aP35
650 1 4 _aCatecismo
_93229
942 _2ddc
_cBK
_n0
980 _81
_gALBERTO SANCHEZ Responsable de Automatización
999 _c43341
_d43341